000
00314nam a2200121Ia 4500
005
20251222144703.0
008
251222s9999||||xx |||||||||||||| ||spa||
020
_a
84-8280-678-5
082
_a
850/M15
100
_a
"Pirandello, Luigiy otros"
245
0
_a
Maestros de la literatura universal: Italia
942
_c
LIB
999
_c
17539
_d
17539